000 00317nam a2200133Ia 4500
008 210210b1932 xxu||||| |||| 00| 0 eng d
041 _aeng
082 _a822/1223
100 _aTILMAN (H W)
245 _aAscent of nanda devi
260 _aLondon
_bNot Mentioned
_c1932
690 _aEnglish Prose
906 _a013405
999 _c132273
_d132273